LIBRARY & INFORMATION CENTRE, KCAET, TAVANUR

ONLINE PUBLIC ACCESS CATALOGUE (OPAC)

Swadesabhimani / (Record no. 720)

MARC details
000 -LEADER
fixed length control field 00386cam a2200145ua 4500
041 ## - LANGUAGE CODE
Language code of text/sound track or separate title mal
082 ## - DEWEY DECIMAL CLASSIFICATION NUMBER
Classification number 920.5
Item number BHA/SW
100 ## - MAIN ENTRY--AUTHOR NAME
Personal name Bhaskara pillai, K .
245 ## - TITLE STATEMENT
Title Swadesabhimani /
260 ## - PUBLICATION, DISTRIBUTION, ETC. (IMPRINT)
Place of publication Kottayam :
Name of publisher Sahitya Parishad Co Operative Society Limited ,
Year of publication 1966.
300 ## - PHYSICAL DESCRIPTION
Number of Pages 406 ; .
942 ## - ADDED ENTRY ELEMENTS (KOHA)
Koha item type Books
Holdings
Withdrawn status Lost status Damaged status Home library Current library Date acquired Full call number Accession Number Koha item type Public note
Withdrawn     KAUAET KAUAET 07/04/2012 920.5 9477 Books Deleted
free website counter